Deaths in FNaF - Statistics

General Stats
  • This quiz has been taken 725 times
  • The average score is 13 of 26
Answer Stats
Hint Answer % Correct
Bite of 83 Crying Child
91%
Circus Baby Elizabeth Afton
86%
Scooper Michael
80%
Springtrap William
76%
The Puppet Charlie
73%
Lefty The Puppet
59%
Guy that died in Night 4 Phone Guy
57%
Jeremy
56%
Cassidy
54%
Circus Baby
52%
Funtime Foxy
52%
Ennard Funtime Freddy
52%
Henry
52%
Scrap Baby
52%
Ballora
51%
Fritz
51%
Susie
51%
Burned in FNaF 6 Lefty
48%
Molten Freddy
47%
Freddy, Bonnie, Chica, Foxy and Golden Freddy Gabriel
46%
Afton
44%
Bon-bon
41%
Molten Freddy Ennard
33%
The Main 4 Freddy, Bonnie, Chica and Foxy
16%
Hung by Funtime Foxy and Ballora Two Technicians
7%
Dismantled in 1987 FNaF 2
5%
No matching quizzes found
Score Distribution
Percent of People with Each Score
Percentile by Number Answered
Your Score History
You have not taken this quiz